000 00842cab a22002295a 4500
001 L154958
008 120210e20120204xxk 000 0 eng d
035 _a(Sirsi) u154958
041 0 _aeng
100 1 _aSimmons, Mark
245 0 0 _aEG London
_bthe capital in focus
260 _c2012
490 _aEstates Gazette
_v(1205) 4 February 2012, 59-73(12)
520 _aInformation about City and West End Offices with the challenges and opportunities in 2012, guide to London's regeneration projects in 2012 including a summary of the prospects for Battersea Power Station and Wembley Central. Also guide to London's prime residential market.
590 _aKA
651 4 _aLondon
690 _aCommercial property
_96227
690 _aResidential property
_96266
700 1 _aThame, David
700 1 _aNorwood, Graham
942 _n0
999 _c83756
_d83756